Catálogo

¿Todos vuelven? : (Registro nro. 63450)

Detalles MARC
000 -LEADER
fixed length control field 01130cam a2200253 i 4500
001 - CONTROL NUMBER
control field 63450
005 - DATE AND TIME OF LATEST TRANSACTION
control field 20180714065859.0
008 - FIXED-LENGTH DATA ELEMENTS--GENERAL INFORMATION
fixed length control field 150901s2014 mx r 000 0 spa d
020 ## - INTERNATIONAL STANDARD BOOK NUMBER
International Standard Book Number 9786074876765
040 ## - CATALOGING SOURCE
Original cataloging agency MX-PuUPA
Language of cataloging spa
Description conventions rda
Transcribing agency Mx-PuUPA
Modifying agency Mx-PuUPA
041 0# - LANGUAGE CODE
Language code of text/sound track or separate title spa
082 0# - DEWEY DECIMAL CLASSIFICATION NUMBER
Classification number 304.87307248
Item number TOD
245 01 - TITLE STATEMENT
Title ¿Todos vuelven? :
Remainder of title migración acelerada, crisis de la economía estadounidense y retorno en cuatro localidades del estado de Puebla, México /
Statement of responsibility, etc. María Eugenia DAubeterre Buznego, María Leticia Rivermar Pérez, editoras.
250 ## - EDITION STATEMENT
Edition statement Primera edición
264 #1 - PRODUCTION, PUBLICATION, DISTRIBUTION, MANUFACTURE, AND COPYRIGHT NOTICE
Place of production, publication, distribution, manufacture Puebla, Pue. :
Name of producer, publisher, distributor, manufacturer Benemérita Universidad Autónoma de Puebla, Instituto de Ciencias Sociales y Humanidades "Alfonso Velez Pliego",
Date of production, publication, distribution, manufacture, or copyright notice 2014
300 ## - PHYSICAL DESCRIPTION
Extent 230 páginas :
Other physical details gráficas ;
Dimensions 24 cm.
336 ## - CONTENT TYPE
Content type term texto
Source rdacontent
337 ## - MEDIA TYPE
Media type term sin mediación
Source rdamedia
338 ## - CARRIER TYPE
Carrier type term volumen
Source rdacarrier
650 #4 - SUBJECT ADDED ENTRY--TOPICAL TERM
Topical term or geographic name entry element Migración
Active dates 1980-1990
Geographic subdivision Puebla-Estados Unidos
650 #4 - SUBJECT ADDED ENTRY--TOPICAL TERM
Topical term or geographic name entry element Crisis Económica
Geographic subdivision Estados Unidos
700 1# - ADDED ENTRY--PERSONAL NAME
Personal name María Eugenia, DAubeterre Buznego,
Relator term editor
700 1# - ADDED ENTRY--PERSONAL NAME
Personal name Rivermar Pérez, María Leticia
Relator term editor
Existencias
Withdrawn status Lost status Source of classification or shelving scheme Damaged status Not for loan Collection code Home library Current library Shelving location Date acquired Source of acquisition Inventory number Total Checkouts Full call number Barcode Date last seen Price effective from Koha item type
    Dewey Decimal Classification   Consulta en sala Puebla Biblioteca Karol Wojtyla Biblioteca Karol Wojtyla Área de silencio 01/09/2015 Compra 151000000000000000061894   304.87307248 TOD 2014 94422 05/01/2026 07/05/2018 Libro